000 02789nam a22003617a 4500
005 20111227105158.0
010 _aB-482838-849
020 _a9788128624124
035 _aB-482838-849
037 _bBlue Berry/Ven
082 _aS
100 _aLarry, H.I.
_953510
245 _aShockwave /
_cby H.I. Larry; illustrated by Dan McDonal
260 _aMumbai
_bEuro Books
_c2007
270 _aDani Corporat e Park, First Floor, 158, Vidyanagari Marg, Kalina, Santacruz
_bMumbai
_e400098
300 _a89p.
_bill.
_c20cm(pbk)
490 _aZac power:
_v24 hours to save the world...and clean his room
_953511
700 _a McDonal, Dan
_937638
942 _2ddc
_cCH
_mLAR
_hS
999 _c60009
_d60009